Movie Set in a Single Day Quiz Stats

 Plays Quiz Updated Mar 5, 2015

Also try: Movies Set At Sea
Challenge
Share
Tweet
Score 0/25 Timer 08:00
3 Plays Today
% Correct
The Breakfast Club
93.3%
Die Hard
90.7%
The Goonies
89.1%
Gravity
86.7%
Airplane!
80.8%
12 Angry Men
73.5%
Phone Booth
66.7%
Panic Room
64.6%
Ferris Bueller's Day Off
62.5%
Training Day
61.8%
Rebel Without a Cause
55.3%
Dr. Strangelove or: How I Learned to Stop Worrying and Love the Bomb
50.8%
Escape from New York
47.9%
% Correct
Dog Day Afternoon
44.2%
Collateral
40.8%
American Graffiti
39.9%
The Taking of Pelham 123
38.1%
Falling Down
36.4%
The Warriors
35.6%
High Noon
35.1%
From Dusk till Dawn
31.1%
Cloverfield
27.2%
Zulu
22.5%
Duel
17.9%
Rope
14.9%

You're not logged in!

Compare scores with friends on all Sporcle quizzes.
OR
Log In

You Might Also Like...

Show Comments

Extras

Top Quizzes Today


Score Distribution

Your Account Isn't Verified!

In order to create a playlist on Sporcle, you need to verify the email address you used during registration. Go to your Sporcle Settings to finish the process.

Report this User

Report this user for behavior that violates our Community Guidelines.

Details: